000 00409 a2200157 4500
082 _a350
090 _c1110
_d1110
100 _aDorji, C. T.
245 _aAdministrative Traning in Developing Countries
_cC. T. Dorji
260 _aNew Delhi, India
_bVikas Publishing House
_c1998
300 _a70
500 _aHard Cover
600 _aDorji, C. T.
700 _aDorji, C. T.
942 _aNBS
_cBK
_k350 DOR
999 _c343641
_d343641